| 000 | 00693nam a2200253 a 4500 | ||
|---|---|---|---|
| 001 | 0001-0973 | ||
| 003 | ELIB.Books | ||
| 008 | 140917 2010 eng | ||
| 020 | _a0840791194 | ||
| 035 | _a(ELIB.Books)0001-1127 | ||
| 092 |
_a248.4 _bMac |
||
| 100 | _aMacDonald, Gordon. | ||
| 245 | _aChrist Followers In The Real World | ||
| 260 |
_aNashville: _bA Division Of Thomas Nelson Publishers _c1991 |
||
| 300 |
_a239 _c23 Cm |
||
| 500 | _aDr. Yahalaylayla | ||
| 650 | _aChristian Life | ||
| 730 | _aChrist Followers In The Real World | ||
| 856 |
_nKBTS; Library _uKBTS; Elib. |
||
| 942 |
_2ddc _cBK |
||
| 990 | _a1 | ||
| 998 |
_cbat _e2014-09-17 |
||
| 999 |
_c10973 _d10973 |
||